Statistics for Chess Openings by Pawn (White) #1

Click here to take the quiz!

General Stats

  • This quiz has been taken 29 times
  • The average score is 5 of 16

Answer Stats

MoveAnswer% Correct
c4English Opening
83%
f4Bird’s Opening
54%
g4Grob Opening
46%
e4King’s Pawn Opening
46%
d4Queen’s Pawn Opening
46%
b4Polish Opening
38%
g3King’s Fianchetto Opening
29%
a3Anderssen Opening
25%
f3Barnes Opening
25%
h3Clemenz Opening
21%
d3Mieses Opening
21%
c3Saragossa Opening
21%
h4Kádas Opening
17%
b3Nimzowitsch-Larsen Attack
17%
a4Ware Opening
17%
e3Van’t Kruijs Opening
13%

Score Distribution

Percentile by Number Answered

Percent of People with Each Score

Your Score History

You have not taken this quiz